书目信息 |
| 题名: |
道德与道德教育
|
|
| 作者: | ;中国社会科学院哲学研究所伦理研究室 编 | |
| 分册: | ||
| 出版信息: | 上海 人民出版社 1981 |
|
| 页数: | 308页 | |
| 开本: | 19cm | |
| 丛书名: | ||
| 单 册: | ||
| 中图分类: | B82-53 , B82 | |
| 科图分类: | ||
| 主题词: | 道德 , 德育 | |
| 电子资源: | ||
| ISBN: | ||
| 000 | 00722nam0 2200253 45 | |
| 001 | 0940377262 | |
| 005 | 20090929160848.34 | |
| 010 | @dCNY0.68 | |
| 091 | @aCN@b2064.377 | |
| 100 | @a19950523d1981 em y0chiy0121 ea | |
| 101 | 0 | @achi |
| 102 | @aCN@b310000 | |
| 105 | @ay z 000yy | |
| 200 | 10 | @a道德与道德教育@Adao de yu dao de jiao yu@f中国社会科学院哲学研究所伦理研究室编 |
| 210 | @a上海@c人民出版社@d1981 | |
| 215 | @a308页@d19cm | |
| 606 | 0 | @a道德 |
| 606 | 0 | @a德育 |
| 690 | @aB82-53@v3 | |
| 690 | @aB82@v4 | |
| 711 | 02 | @a中国社会科学院哲学研究所伦理研究室@Azhong guo she hui ke xue yuan zhe xue yan jiu suo lun li yan jiu shi@4编 |
| 801 | 0 | @aCN@bTSSF |
| 801 | 2 | @aCN@bNLC |
| 905 | @a10447@dB82@eJY10 | |
| 道德与道德教育/中国社会科学院哲学研究所伦理研究室编.-上海:人民出版社,1981 |
| 308页;19cm |
| ISBN :CNY0.68 |
| ● |
| 相关链接 |
|
|
|
|
正题名:道德与道德教育
索取号:B82/JY10
 
预约/预借
| 序号 | 登录号 | 条形码 | 馆藏地/架位号 | 状态 | 备注 |
| 1 | 7804893 | 278048934 | 学院路分馆/ [索取号:B82/JY10] | 在馆 | |
| 2 | 7804894 | 278048943 | 学院路分馆/ [索取号:B82/JY10] | 在馆 |